000 00269nam a22001217a 4500
041 _aENG
100 _aTorrey .M
245 _aDehydration Of Fruits And Vegetables
260 _aDelhi
_bNoyes Data
_c1998
300 _a389
650 _aAPE ( 02 )
856 _uAPE ( 02 )
999 _c2868
_d2868